The Oxford 5000 - Letter J+K - Translate from Polish to English - Statystyki

Ogólne statystyki
  • Ten quiz został rozwiązany 10 razy
  • Średni wynik to 8 z 15
Statystyki odpowiedzi
Polish Angielski % Poprawnych
więzienie, areszt / wsadzić do więzienia jail
100%
ława przysięgłych, jury jury
71%
królestwo kingdom
71%
odrzutowiec, strumień (np. wody) jet
57%
jurysdykcja, właściwość (sądu), kompetencja jurisdiction
57%
sprawiedliwy, słuszny just
57%
porwać, uprowadzić (często dla okupu) kidnap
57%
nerka kidney
57%
wspólny (np. wysiłek) / staw (anatomiczny), złącze joint
43%
chętny, zapalony, bystry (o umyśle), wyostrzony (o zmyśle) keen
43%
przedszkole kindergarten
43%
zestaw, komplet (np. narzędzi, sprzętu) kit
43%
dziennikarstwo journalism
29%
uzasadnienie, usprawiedliwienie justification
29%
sądowy, prawny, dotyczący wymiaru sprawiedliwości judicial
0%
Nie znaleziono quizów pasujących do podanych kryteriów
Rozkład punktacji
Procent ludzi z każdym wynikiem
Percentyl według liczby udzielonych odpowiedzi
Twoja historia wyników
Nie rozwiązałeś tego quizu